| 000 | 00833nam a2200253Ia 4500 | ||
|---|---|---|---|
| 003 | OSt | ||
| 005 | 20220918213328.0 | ||
| 006 | a|||||r|||| 00| 0 | ||
| 007 | ta | ||
| 008 | 220917b |||||||| |||| 00| 0 eng d | ||
| 024 | _a132,167 | ||
| 037 | _cTextual | ||
| 040 |
_aARTS _cARTS _beng |
||
| 041 |
_2eng _aeng |
||
| 082 | _aX:89K33.1(B28), L9 | ||
| 100 |
_aBartels Cornelis P A ed _9126498 |
||
| 245 | 0 | _aExploratory and exploratory statistical analysis of spatial data edited by Cornelis P A Bartals and Ronald H Ketellapper | |
| 260 |
_aBoston _bMartinus Nijholf Pub _c1979 |
||
| 300 |
_ax8ii,268p. _ccm. |
||
| 650 | _aECONOMICS | ||
| 700 |
_a Ketellapper Ronald H ed _9126499 |
||
| 942 |
_hX:89K33.1(B28), L9 _cTEXL _2CC |
||
| 999 |
_c255289 _d255289 |
||